MARC

Tag First Indicator Second Indicator Subfields
LEADER 00000cam a22000001 4500
001 in00000036774
005 20231221110354.0
008 720112s1956 enk b 001 0 eng
010 |a  57001620  
015 |a GB5615520  |2 bnb 
016 |a (AMICUS)000005453982 
016 7 |a 002884364  |2 Uk 
016 7 |a 009651567  |2 Uk 
019 |a 234953  |a 225284803  |a 1166283417  |a 1167353169  |a 1172631048  |a 1174877623  |a 1277101063 
029 1 |a AU@  |b 000004171896 
029 1 |a AU@  |b 000023869042 
029 1 |a AU@  |b 000027550740 
029 1 |a AU@  |b 000054253632 
029 1 |a DEBBG  |b BV011807421 
029 1 |a DEBSZ  |b 017033608 
029 1 |a GEBAY  |b 11039878 
029 1 |a HEBIS  |b 108628302 
029 1 |a NLC  |b 000005453982 
029 1 |a NZ1  |b 4446603 
029 1 |a NZ1  |b 827032 
029 1 |a UKMGB  |b 002884364 
029 1 |a UKMGB  |b 009651567 
029 1 |a UNITY  |b 030444195 
029 1 |a UNITY  |b 050393294 
035 |a (OCoLC)ocm00203623  
035 |a (OCoLC)203623  |z (OCoLC)234953  |z (OCoLC)225284803  |z (OCoLC)1166283417  |z (OCoLC)1167353169  |z (OCoLC)1172631048  |z (OCoLC)1174877623  |z (OCoLC)1277101063 
035 |a (OCoLC)ocm00203623  
040 |a DLC  |b eng  |c DLC  |d SER  |d YNG  |d UKM  |d STF  |d AU@  |d NIALS  |d GEBAY  |d UKMGB  |d OCLCF  |d DEBBG  |d TFW  |d SFR  |d NLC  |d DHA  |d CPO  |d SNN  |d ANC  |d OCLCO  |d OCLCA  |d OCLCQ  |d UWK  |d KSU  |d IL4J6  |d OCLCO  |d OCLCA  |d OCLCO  |d OCLCL 
042 |a premarc 
043 |a e-uk-en 
050 0 0 |a PR931  |b .P4 
055 1 |a PR931.P4 
082 0 |a 820.903 
084 |a HG 702  |2 rvk 
100 1 |a Peter, John,  |d 1921-1983.  |1 https://id.oclc.org/worldcat/entity/E39PBJfCqHRXPPjRhg98D4JRrq 
245 1 0 |a Complaint and satire in early English literature. 
260 |a Oxford,  |b Clarendon Press,  |c 1956. 
300 |a 323 pages  |c 23 cm 
336 |a text  |b txt  |2 rdacontent 
337 |a unmediated  |b n  |2 rdamedia 
338 |a volume  |b nc  |2 rdacarrier 
340 |m 8vo.  |2 rdabf 
504 |a Includes bibliographical references and index. 
505 0 0 |t Satire and complaint --  |t Complaint emerges --  |t Complaint in Medieval England --  |t The moral themes of complaint --  |t Renaissance satire --  |t Marston and the metamorphosis of satire --  |t Satire and drama --  |t Marston's plays --  |t Tourneur's tragedies --  |t The legacy of satire. 
650 0 |a Satire, English  |x History and criticism. 
650 0 |a English drama  |y Early modern and Elizabethan, 1500-1600  |x History and criticism. 
650 0 |a English literature  |y Middle English, 1100-1500  |x History and criticism. 
650 6 |a Théâtre anglais  |y 16e siècle  |x Histoire et critique. 
650 6 |a Littérature anglaise  |y 1100-1500 (Moyen anglais)  |x Histoire et critique. 
650 7 |a English drama  |x Early modern and Elizabethan.  |2 fast  |0 (OCoLC)fst01710950 
650 7 |a English literature  |x Middle English.  |2 fast  |0 (OCoLC)fst01710961 
650 7 |a Satire, English.  |2 fast  |0 (OCoLC)fst01105706 
650 7 |a Satire  |2 gnd 
650 7 |a Englisch  |2 gnd 
650 7 |a Satire, English  |x History and criticism.  |2 nli 
650 7 |a English drama  |y Early modern and Elizabethan, 1500-1600  |x History and criticism.  |2 nli 
650 7 |a English literature  |y Middle English, 1100-1500  |x History and criticism.  |2 nli 
651 7 |a Englisch.  |2 swd 
648 7 |a 1100-1600  |2 fast 
648 7 |a Geschichte 1200-1640  |2 swd 
655 7 |a Criticism, interpretation, etc.  |2 fast  |0 (OCoLC)fst01411635 
776 0 8 |i Online version:  |a Peter, John Desmond.  |t Complaint and satire in early English literature.  |d Oxford, Clarendon Press, 1956  |w (OCoLC)571136245 
776 0 8 |i Online version:  |a Peter, John Desmond.  |t Complaint and satire in early English literature.  |d Oxford, Clarendon Press, 1956  |w (OCoLC)609163431 
948 |h HELD BY TXA - 501 OTHER HOLDINGS 
994 |a Z0  |b TXA 
999 f f |s bb10fa42-e1cb-3b3a-b112-c72dae5ca300  |i e4428d00-58c1-31b2-a8e0-66ec42c7782f  |t 0 
952 f f |p ric  |a Texas A&M University  |b Rellis Campus  |c Joint Library Facility  |d Remote Storage  |t 0  |e PR931 .P4  |h Library of Congress classification  |i unmediated -- volume  |m A14801273043 
998 f f |a PR931 .P4  |t 0  |l Remote Storage